000 00552nam a2200229Ia 4500
003 OSt
005 20220924153449.0
006 a|||||r|||| 00| 0
007 ta
008 220923b |||||||| |||| 00| 0 kan d
024 _a350313
037 _cTextual
040 _aARTS
_cARTS
_bkan
041 _2kan
_akan
082 _aO33:gx, N8
100 _aHedge V D Au.
_9228891
245 0 _aSameepa
260 _c1998
650 _aKANNAD LITERATURE
942 _hO33:gx, N8
_cTEXL
_2CC
999 _c473692
_d473692